| 000 | 00787nam a2200277 i 4500 | ||
|---|---|---|---|
| 001 | 000035678 | ||
| 003 | DO-SdBNP | ||
| 005 | 20240327135518.0 | ||
| 007 | ta | ||
| 008 | 111003s2008 sp 000 p spa d | ||
| 020 | _a9789945068863 | ||
| 040 |
_aDO-SdBNP _bspa _cBNPHU _erda |
||
| 082 | 4 |
_a883.01 _bH766o, 2008 _222 |
|
| 100 | 1 |
_aHomero _938113 |
|
| 245 | 1 | 3 |
_aLa odisea / _cHomero. |
| 264 |
_aSanto Domingo : _bSantuario, _c2008 |
||
| 300 |
_a103 páginas ; _c22 cm. |
||
| 336 |
_2rdacontent _atexto _btxt |
||
| 337 |
_2rdamedia _asin mediación _bn |
||
| 338 |
_2rdacarrier _avolumen _bnc |
||
| 590 | _aInventariado, 2023/MFF | ||
| 650 | 4 |
_a Poesía épica griega _927065 |
|
| 650 | 4 |
_aLiteratura griega _92386 |
|
| 910 | _aValidado. Control de calidad MFF | ||
| 942 |
_2ddc _cLBS1 |
||
| 999 |
_c35169 _d35169 |
||